The Internet of Things for Smart Urban Ecosystems

The main objective of this book is to provide a multidisciplinary overview of methodological approaches, architectures, platforms, and algorithms for the realization of an Internet of Things (IoT)-based Smart Urban Ecosystem (SUE). Moreover, the book details a set of real-world applications and case...

Full description

Bibliographic Details
Corporate Author: SpringerLink (Online service)
Other Authors: Cicirelli, Franco (Editor, http://id.loc.gov/vocabulary/relators/edt), Guerrieri, Antonio (Editor, http://id.loc.gov/vocabulary/relators/edt), Mastroianni, Carlo (Editor, http://id.loc.gov/vocabulary/relators/edt), Spezzano, Giandomenico (Editor, http://id.loc.gov/vocabulary/relators/edt), Vinci, Andrea (Editor, http://id.loc.gov/vocabulary/relators/edt)
Format: Electronic eBook
Language:English
Published: Cham : Springer International Publishing : Imprint: Springer, 2019.
Edition:1st ed. 2019.
Series:Internet of Things, Technology, Communications and Computing,
Subjects:
Online Access:Full Text via HEAL-Link
LEADER 05188nam a2200625 4500
001 978-3-319-96550-5
003 DE-He213
005 20200302195650.0
007 cr nn 008mamaa
008 180810s2019 gw | s |||| 0|eng d
020 |a 9783319965505  |9 978-3-319-96550-5 
024 7 |a 10.1007/978-3-319-96550-5  |2 doi 
040 |d GrThAP 
050 4 |a TK5102.9 
050 4 |a TA1637-1638 
072 7 |a TTBM  |2 bicssc 
072 7 |a TEC008000  |2 bisacsh 
072 7 |a TTBM  |2 thema 
072 7 |a UYS  |2 thema 
082 0 4 |a 621.382  |2 23 
245 1 4 |a The Internet of Things for Smart Urban Ecosystems  |h [electronic resource] /  |c edited by Franco Cicirelli, Antonio Guerrieri, Carlo Mastroianni, Giandomenico Spezzano, Andrea Vinci. 
250 |a 1st ed. 2019. 
264 1 |a Cham :  |b Springer International Publishing :  |b Imprint: Springer,  |c 2019. 
300 |a X, 383 p. 165 illus., 123 illus. in color.  |b online resource. 
336 |a text  |b txt  |2 rdacontent 
337 |a computer  |b c  |2 rdamedia 
338 |a online resource  |b cr  |2 rdacarrier 
347 |a text file  |b PDF  |2 rda 
490 1 |a Internet of Things, Technology, Communications and Computing,  |x 2199-1073 
505 0 |a A Social and Pervasive IoT Platform for Developing Smart Environments -- Smart City Platform Specification: a modular approach to achieve interoperability in Smart Cities -- Integrated Cyber Physical Assessment and Response for Improved Resiliency -- On the Integration of Information Centric Networking and Fog Computing for Smart Home Services -- Optimal Placement of Security Resources for the Internet of Things -- Embedding Internet-of-Things in Large-Scale Socio-Technical Systems: A Community-Oriented Design in Future Smart Grids -- Aggregation Techniques for the Internet of Things: an overview -- Swarm Intelligence and IoT-based Smart Cities: a Review -- Cost saving and ancillary service provisioning in green Mobile Networks -- Structural Health Monitoring (SHM) -- A Smart air-conditioning plant for efficient energy buildings -- A comprehensive approach to stormwater management problems in the next generation drainage networks -- Cooperative video-surveillance framework in Internet of Things (IoT) domain -- Personal Connected Devices for Healthcare -- Evacuation and Smart Exit Sign System. 
520 |a The main objective of this book is to provide a multidisciplinary overview of methodological approaches, architectures, platforms, and algorithms for the realization of an Internet of Things (IoT)-based Smart Urban Ecosystem (SUE). Moreover, the book details a set of real-world applications and case studies related to specific smart infrastructures and smart cities, including structural health monitoring, smart urban drainage networks, smart grids, power efficiency, healthcare, city security, and emergency management. A Smart Urban Ecosystem (SUE) is a people-centric system of systems that involves smart city environments, applications, and infrastructures. SUEs require the close integration of cyber and physical components for monitoring, understanding and controlling the urban environment. In this context, the Internet of Things (IoT) offers a valuable enabling technology, as it bridges the gap between physical things and software components, and empowers cooperation between distributed, pervasive, and heterogeneous entities. 
650 0 |a Signal processing. 
650 0 |a Image processing. 
650 0 |a Speech processing systems. 
650 0 |a Application software. 
650 0 |a Urban geography. 
650 0 |a Urban economics. 
650 1 4 |a Signal, Image and Speech Processing.  |0 http://scigraph.springernature.com/things/product-market-codes/T24051 
650 2 4 |a Information Systems Applications (incl. Internet).  |0 http://scigraph.springernature.com/things/product-market-codes/I18040 
650 2 4 |a Urban Geography / Urbanism (inc. megacities, cities, towns).  |0 http://scigraph.springernature.com/things/product-market-codes/J15010 
650 2 4 |a Urban Economics.  |0 http://scigraph.springernature.com/things/product-market-codes/W49010 
700 1 |a Cicirelli, Franco.  |e editor.  |0 (orcid)0000-0002-6138-5739  |1 https://orcid.org/0000-0002-6138-5739  |4 edt  |4 http://id.loc.gov/vocabulary/relators/edt 
700 1 |a Guerrieri, Antonio.  |e editor.  |4 edt  |4 http://id.loc.gov/vocabulary/relators/edt 
700 1 |a Mastroianni, Carlo.  |e editor.  |4 edt  |4 http://id.loc.gov/vocabulary/relators/edt 
700 1 |a Spezzano, Giandomenico.  |e editor.  |0 (orcid)0000-0002-2518-5510  |1 https://orcid.org/0000-0002-2518-5510  |4 edt  |4 http://id.loc.gov/vocabulary/relators/edt 
700 1 |a Vinci, Andrea.  |e editor.  |0 (orcid)0000-0002-1011-1885  |1 https://orcid.org/0000-0002-1011-1885  |4 edt  |4 http://id.loc.gov/vocabulary/relators/edt 
710 2 |a SpringerLink (Online service) 
773 0 |t Springer eBooks 
776 0 8 |i Printed edition:  |z 9783319965499 
776 0 8 |i Printed edition:  |z 9783319965512 
776 0 8 |i Printed edition:  |z 9783030072124 
830 0 |a Internet of Things, Technology, Communications and Computing,  |x 2199-1073 
856 4 0 |u https://doi.org/10.1007/978-3-319-96550-5  |z Full Text via HEAL-Link 
912 |a ZDB-2-ENG 
950 |a Engineering (Springer-11647)